| 000 | 00566nam a22001937a 4500 | ||
|---|---|---|---|
| 003 | 0 | ||
| 005 | 20241026105507.0 | ||
| 008 | 241026b xxu||||| |||| 00| 0 eng d | ||
| 020 | _a9781350161726 | ||
| 050 |
_aNC 1000 _b.R63 2019 |
||
| 100 |
_aRoberts, Lucienne, _eauthor. |
||
| 245 |
_aGood : _ban introduction to ethics in graphic design / _cLucienne Roberts. |
||
| 260 |
_aLondon : _bBloomsbury Visual Arts, _c2019. |
||
| 300 |
_a200 p. : _bcol. ill. ; _c30 cm. |
||
| 504 | _aIncludes index. | ||
| 650 | _aEthics. | ||
| 650 | _aGraphic design. | ||
| 942 |
_2lcc _cBK |
||
| 999 |
_c366628 _d366628 |
||